Central Library OPAC University of Rajshahi
Normal view MARC view

Entry Personal Name

Number of records used in: 4

001 - CONTROL NUMBER

  • control field: 3625

003 - CONTROL NUMBER IDENTIFIER

  • control field: BD-RjUL

005 - DATE AND TIME OF LATEST TRANSACTION

  • control field: 20220615115214.0

008 - FIXED-LENGTH DATA ELEMENTS

  • fixed length control field: 220615|| aca||aabn | a|a d

040 ## - CATALOGING SOURCE

  • Original cataloging agency: BD-RjUL
  • Transcribing agency: BD-RjUL

100 ## - HEADING--PERSONAL NAME

  • Personal name: রহমান, মো. মোস্তাফিজুর, প্রিন্সিপ্যাল সুপারভাইজার

670 ## - SOURCE DATA FOUND

  • Source citation: Work cat.: (BD-RjUL)79970: ওবায়দুল্লাহ, মো. 3622, মুসলিম সমাজের উন্নয়নে খান বাহাদুর এমাদউদ্দিন আহমদ এর অবদান (১৮৭৫-১৯৩৬) /, ২০০৯